000 00974nam a2200277 a 4500
001 BRL_1816
005 20190320211359.0
008 050815s1979----mx-a######---#000-0#spa-#
020 _a9688220035
041 _aspa
044 _amx
050 4 _aF1221.H85
_b.S54 1979
100 1 _aSignorini, Italo
_927946
245 1 0 _aLos huaves de San Mateo del Mar, Oax.
_cItalo Signorini ; con ensayos de Giorgio Raimondo Cardona, Carla M. Rita, Luigi Tranfo ;
260 _aMéxico
_bInstituto Nacional Indigenista
_c1979
300 _a375 p.
_bil.
_c22 cm.
440 0 _aColección INI
_pSerie Antropología Social
_vno.59
_927947
500 _aAu2054
500 _aTraducción de: Gente de Laguna, ideología e instituzioni sociali dei huave di San Mateo del Mar.
504 _aBibliografía: p. 367-375
650 1 4 _aHuaves
_927948
650 1 4 _aIndígenas de México
_zOaxaca
_926027
651 4 _aSan Mateo del Mar (México)
_927949
902 _aGRL
942 _2lcc
_cB
999 _c10624
_d10624